Public administration (Record no. 8845)

MARC details
000 -LEADER
fixed length control field 00458cam a2200193ua 4500
008 - FIXED-LENGTH DATA ELEMENTS--GENERAL INFORMATION
fixed length control field 160909n ii |||gr||||Z||||||eng
020 ## - INTERNATIONAL STANDARD BOOK NUMBER
International Standard Book Number 9789327253931
040 ## - CATALOGING SOURCE
Transcribing agency MAIN
041 ## - LANGUAGE CODE
-- eng
082 ## - DEWEY DECIMAL CLASSIFICATION NUMBER
Classification number 351
100 ## - MAIN ENTRY--PERSONAL NAME
Personal name Ghai, K.K.,
Relator term
245 ## - TITLE STATEMENT
Title Public administration
Statement of responsibility, etc. By K.K. Ghai
250 ## - EDITION STATEMENT
Edition statement 5th re. & enl. ed.
260 ## - PUBLICATION, DISTRIBUTION, ETC.
Place of publication, distribution, etc. Ludhiana:
Name of publisher, distributor, etc. Kalyani,
Date of publication, distribution, etc. 2015.
300 ## - PHYSICAL DESCRIPTION
Extent 464p.
942 ## - ADDED ENTRY ELEMENTS (KOHA)
Koha item type Books
653 ## - INDEX TERM--UNCONTROLLED
Uncontrolled term Public administration
Holdings
Withdrawn status Lost status Damaged status Not for loan Home library Current library Shelving location Date acquired Total Checkouts Full call number Barcode Date last seen Copy number Price effective from Koha item type Date due Date last checked out
        Central Library, Naharkatiya College Central Library, Naharkatiya College General Stacks 19/09/2020   351Public administration | GHA 23501 19/09/2020 3 19/09/2020 Books    
        Central Library, Naharkatiya College Central Library, Naharkatiya College General Stacks 19/09/2020 1 351Public administration | GHA 23502 19/06/2023 2 19/09/2020 Books 04/07/2023 19/06/2023
        Central Library, Naharkatiya College Central Library, Naharkatiya College General Stacks 19/09/2020 1 351Public administration | GHA 23503 16/11/2021 1 19/09/2020 Books   27/10/2021

Naharkatiya College © 2020. All rights reserved.

Powered By